David Henshaw correspondence, (Record no. 41104)

MARC details
000 -LEADER
fixed length control field 00950cpcaa2200265 a 4500
001 - CONTROL NUMBER
control field mm 79002248
003 - CONTROL NUMBER IDENTIFIER
control field DLC
005 - DATE AND TIME OF LATEST TRANSACTION
control field 20260227111640.0
008 - FIXED-LENGTH DATA ELEMENTS--GENERAL INFORMATION
fixed length control field 790621|||||||||||| eng
010 ## - LIBRARY OF CONGRESS CONTROL NUMBER
LC control number mm 79002248
040 ## - CATALOGING SOURCE
Original cataloging agency DLC
Transcribing agency DLC
Modifying agency DLC
Description conventions dacs
072 #7 - SUBJECT CATEGORY CODE
Subject category code N
Source lcmd
100 1# - MAIN ENTRY--PERSONAL NAME
Personal name Henshaw, David,
Dates associated with a name 1791-1852.
245 00 - TITLE STATEMENT
Title David Henshaw correspondence,
Inclusive dates 1832-1844.
300 ## - PHYSICAL DESCRIPTION
Extent 3
Type of unit items.
506 0# - RESTRICTIONS ON ACCESS NOTE
Terms governing access Open to research.
545 0# - BIOGRAPHICAL OR HISTORICAL DATA
Biographical or historical data U.S. secretary of the navy, public official of Massachusetts, and railroad official.
546 ## - LANGUAGE NOTE
Language note Collection material in English.
580 ## - LINKING ENTRY COMPLEXITY NOTE
Linking entry complexity note Forms part of: Miscellaneous Manuscripts collection.
656 #7 - INDEX TERM--OCCUPATION
Occupation Cabinet officers.
Source of term itoamc
656 #7 - INDEX TERM--OCCUPATION
Occupation Public officials
Geographic subdivision Massachusetts.
Source of term itoamc
656 #7 - INDEX TERM--OCCUPATION
Occupation Railroad officials.
Source of term itoamc

No items available.

Powered by Koha